Návrh na zlepšenie komunikačného mixu spoločnosti Milk – Agro s. r. o bakalárska práca

Gespeichert in:
Bibliographische Detailangaben
1. Verfasser: Gdovinová, Klaudia
Körperschaft: Podnikovohospodárska fakulta EU so sídlom v Košiciach. Katedra obchodného podnikania
Weitere Verfasser: Dudáš-Pajerská, Erika, 1988-
Format: Buch
Sprache:Slowakisch
Veröffentlicht: Košice 2017
Tags: Tag hinzufügen
Keine Tags, Fügen Sie das erste Tag hinzu!

MARC

LEADER 00000nbm a2200000 4500
001 0231642
005 20171113111254.2
041 0 |a slo 
044 |a SK 
245 1 0 |a Návrh na zlepšenie komunikačného mixu spoločnosti Milk – Agro s. r. o  |b bakalárska práca  |c Klaudia Gdovinová ; školiteľ: Erika Dudáš-Pajerská 
264 1 |a Košice  |c 2017 
300 |a 69 s. 
100 1 |a Gdovinová, Klaudia 
700 1 |a Dudáš-Pajerská, Erika, 1988- 
710 2 |a Podnikovohospodárska fakulta EU so sídlom v Košiciach. Katedra obchodného podnikania